| 000 | 02313nam a2200325Ia 4500 | ||
|---|---|---|---|
| 999 |
_c55371 _d55371 |
||
| 001 | 22449 | ||
| 003 | GE_BSU | ||
| 005 | 20250902164727.0 | ||
| 008 | 181216s2017||||ge |||||||||||||| ||geo|| | ||
| 020 | _a9789941473210 | ||
| 040 | _cGE_BSU | ||
| 041 | _ageo | ||
| 080 | _a316.356.2(73)+314(73) კ-28 | ||
| 100 |
_aკარლსონი, ალან. _925761 |
||
| 245 |
_aამერიკული ოჯახი - გუშინ, დღეს, ხვალ : _bალტერნატიული სოციოლოგიის ამერიკული სკოლა / _cალან კარლსონი ; შემდგენლები : ა. სულაბერიძე, ც. გვრიტიშვილი, ნ. გომელაური, ვ. სულაბერიძე ; ავთანდილ სულაბერიძის საერთო რედაქციით ; ილიას სახელმწ. უნ-ტი, დემოგრაფიისა და სოციოლოგიის ინ-ტი. |
||
| 264 |
_aთბილისი : _b?, _c2017. |
||
| 300 |
_a166 გვ. : _bდიაგრ., ცხრ. ; _c29 სმ. |
||
| 500 | _aიბეჭდება ალან კარლსონის ნებართვით | ||
| 504 | _aბიბლიოგრ. : გვ. 148-164 | ||
| 541 | _h7 ლ. | ||
| 653 | _aალტერნატიული სოციოლოგიის ამერიკული სკოლა | ||
| 653 | _aამერიკული ოჯახი - გუშინ, დღეს, ხვალ | ||
| 653 | _aოჯახის სოციოლოგია. | ||
| 700 |
_aსულაბერიძე, ავთანდილ _eშემდგენელი, რედაქტორი _923954 |
||
| 700 |
_aგვრიტიშვილი, ც. _eშემდგენელი _925762 |
||
| 700 |
_aგომელაური, ნ. _eშემდგენელი _925763 |
||
| 700 |
_aსულაბერიძე, ვ. _eშემდგენელი _925764 |
||
| 710 |
_aილიას სახელმწ. უნ-ტი. დემოგრაფიისა და სოციოლოგიის ინსტიტუტი _925765 |
||
| 942 |
_cBK _2udc |
||